Diễn xướng trong nghi lễ của người Thái Đen Điện Biên
Giới thiệu những bài hát mo của người Thái Đen ở Điện Biên trong các nghi lễ truyền thống như: Lơid cúng khi ốm yếu, lời cúng vào năm mới, lời cúng khi cưới và lời cúng lên nhà mới.
保存先:
| 第一著者: | |
|---|---|
| フォーマット: | 図書 |
| 言語: | Undetermined |
| 出版事項: |
Hà Nội
Sân khấu
2018
|
| 主題: | |
| タグ: |
タグ追加
タグなし, このレコードへの初めてのタグを付けませんか!
|
| Thư viện lưu trữ: | Trung tâm Học liệu Trường Đại học Cần Thơ |
|---|
| LEADER | 00874nam a2200193Ia 4500 | ||
|---|---|---|---|
| 001 | CTU_228879 | ||
| 008 | 210402s9999 xx 000 0 und d | ||
| 082 | |a 781.629592 | ||
| 082 | |b H304 | ||
| 100 | |a Lò, Duy Hiếm | ||
| 245 | 0 | |a Diễn xướng trong nghi lễ của người Thái Đen Điện Biên | |
| 245 | 0 | |c Lò Duy Hiếm | |
| 260 | |a Hà Nội | ||
| 260 | |b Sân khấu | ||
| 260 | |c 2018 | ||
| 520 | |a Giới thiệu những bài hát mo của người Thái Đen ở Điện Biên trong các nghi lễ truyền thống như: Lơid cúng khi ốm yếu, lời cúng vào năm mới, lời cúng khi cưới và lời cúng lên nhà mới. | ||
| 650 | |a Dân ca Việt Nam,Folk songs, Vietnamese | ||
| 910 | |b nthai | ||
| 980 | |a Trung tâm Học liệu Trường Đại học Cần Thơ | ||